| 000 | 00676nam a2200229 a 4500 | ||
|---|---|---|---|
| 999 |
_c1631 _d1631 |
||
| 001 | 1631 | ||
| 003 | BD-JhCC | ||
| 005 | 20171022182727.0 | ||
| 008 | 171022s2008 bg ||||| |||| 00| 0 ben d | ||
| 020 | _a9847015600235 | ||
| 035 | _a(BD-JhCC)1631 | ||
| 040 |
_aBD-JhCC _dBD-JhCC |
||
| 041 | _aben | ||
| 082 |
_223 _a891.4409 _bSHA 2008 |
||
| 100 | _aশাকুর, আবদুশ | ||
| 245 |
_aভাষা ও সাহিত্য / _c আবদুশ শাকুর |
||
| 260 |
_aঢাকা : _bমাওলা ব্রাদার্স, _c২০০৮ |
||
| 300 |
_a236 p. : _c22cm. |
||
| 650 | _aLanguage and Literature | ||
| 942 |
_2ddc _cBK |
||